000 00363pam a2200157a 44500
008 230515b2008 xxu||||| |||| 00| 0 eng d
020 _a13-978-81-8473
041 _aENGLISH
082 _a612-VIC
100 _aVICTOR P E
245 _aATLAS OF HISTOLOGY
250 _a11
260 _aNEW DELHI
_bN.D.
_c2008
300 _a532
650 _aATLAS OF HISTOLOGY
999 _c496827
_d496827